| 000 | 01344cam a2200325 a 4500 | ||
|---|---|---|---|
| 001 | 14518803 | ||
| 005 | 20170105102351.0 | ||
| 008 | 060825s2007 njua b 001 0 eng | ||
| 010 | _a 2006049698 | ||
| 020 | _a0471789011 (pbk. : acidfree paper) | ||
| 020 | _a9780471789017 | ||
| 035 | _a(OCoLC)ocm71223527 | ||
| 035 | _a(OCoLC)71223527 | ||
| 040 |
_aDLC _cDLC _dYDXCP _dBAKER _dOCLCQ _dVP@ _dDLC |
||
| 050 | 0 | 0 |
_aQA63 _b.Z45 2007 |
| 082 | 0 | 0 |
_a153.43 _222 |
| 100 | 1 |
_aZeitz, Paul, _d1958- |
|
| 245 | 1 | 4 |
_aThe art and craft of problem solving _cPaul Zeitz |
| 250 | _a2nd ed. | ||
| 260 |
_aHoboken, NJ : _bJohn Wiley, _cc2007. |
||
| 300 |
_axviii, 366 p. : _bill. ; _c24 cm. |
||
| 504 | _aIncludes bibliographical references (p. 356-359) and index. | ||
| 650 | 0 | _aProblem solving. | |
| 856 | 4 | 2 |
_3Publisher description _uhttp://www.loc.gov/catdir/enhancements/fy0654/2006049698-d.html |
| 856 | 4 | 2 |
_3Contributor biographical information _uhttp://www.loc.gov/catdir/enhancements/fy0814/2006049698-b.html |
| 856 | 4 | 1 |
_3Table of contents only _uhttp://www.loc.gov/catdir/enhancements/fy0814/2006049698-t.html |
| 906 |
_a7 _bcbc _corignew _d1 _eocip _f20 _gy-gencatlg |
||
| 942 |
_2ddc _cBK |
||
| 999 |
_c11928 _d11928 |
||